An annotated bibliography on acacia mangium

Bibliographic Details
Main Author: WEINLAND
Corporate Author: Institut Penyelidikan Perhutanan Malaysia (FRIM)
Other Authors: Ahmad Zuhaidi Yahya
Format: Book
Published: Kuala Lumpur : Institut Penyelidikan Perhutanan Malaysia , 1989
Edition:2nd ed.
Subjects:

MARC

LEADER 00000cam a2200000 7i4500
001 0000002981
005 20040329.0
090 0 0 |a RP 634.973748   |b WEI 1989 
100 1 0 |a WEINLAND   |h G. 
245 1 3 |a An annotated bibliography on acacia mangium   |c G. Weinland & Ahmad Zuhaidi Yahya 
250 0 0 |a 2nd ed. 
260 0 0 |a Kuala Lumpur :   |b Institut Penyelidikan Perhutanan Malaysia ,   |c 1989 
300 |a 170 p. ;   |c 30 cm. 
500 0 0 |a Includes index 
650 0 0 |a Acacia   |x Bibliography 
650 0 0 |a Mangium   |x Bibliography 
700 0 1 |a Ahmad Zuhaidi Yahya 
710 1 1 |a Institut Penyelidikan Perhutanan Malaysia (FRIM) 
998 |a JPSM 
999 |a 0000005254   |b Monograph   |c Open Shelf   |e Default branch 
999 |a 0000005255   |b Monograph   |c Open Shelf   |e Default branch 
999 |a 0000005256   |b Monograph   |c Open Shelf   |e Default branch